|
|
|
แสดงรายละเอียดบรรณานุกรม |
|
|
Brief Record
: Get Marc (ISO 2709)
: E-mail record
: |
| LEADER : 00000nam 2200000uu 4500 | |||
| 001 13399129185 | |||
| 003 ULIB | |||
| 008 260422s2569||||th 000 0 tha d | |||
| 020 ^a9789749261354 | |||
| 060 04 ^aQV55^bป445ค | |||
| 100 0 ^aปราณี ทู้ไพเราะ | |||
| 245 10 ^aคู่มือยา =^bHandbook of drugs /^cปราณี ทู้ไพเราะ | |||
| 246 31 ^aHandbook of drugs | |||
| 250 ^aพิมพ์ครั้งที่ 16 (ปรับปรุงครั้งที่ 11) | |||
| 260 ^aกรุงเทพฯ :^bภาควิชาการพยาบาลอายุรศาสตร์ คณะพยาบาลศาสตร์มหาวิทยาลัยมหิดล,^c2569 | |||
| 300 ^a630 หน้า :^bภาพประกอบ ;^c21 ซม. | |||
| 650 7 ^aเภสัชวิทยา | |||
| 650 7 ^aยา^vคู่มือ | |||
| 650 7 ^aการใช้ยา | |||
| 710 2 ^aมหาวิทยาลัยมหิดล. ^bคณะพยาบาลศาสตร์.^bภาควิชาการพยาบาลอายุรศาสตร์ | |||
| 999 ^aประนอม เกษจรัล | |||
| คุณยังไม่ได้ล็อกอิน คุณสามารถมีกิจกรรมร่วมกับเว็บไซต์ได้ แต่ต้องล็อกอินก่อน :: |
|
รายการสื่อสารสนเทศ |
| สถานะ | |||||
| 1. | หนังสือสำรอง สถานะ=หนังสือสำรอง | QV55 ป445ค ฉ.1 Barcode: 012066 | ►หนังสือทั่วไป | บนชั้น | |
| 2. | วิทยาศาสตร์การแพทย์ และสุขภาพ | QV55 ป445ค ฉ.2 Barcode: 012067 | ►หนังสือทั่วไป | บนชั้น | |
| 3. | วิทยาศาสตร์การแพทย์ และสุขภาพ | QV55 ป445ค ฉ.3 Barcode: 012068 | ►หนังสือทั่วไป | บนชั้น | |
| 4. | วิทยาศาสตร์การแพทย์ และสุขภาพ | QV55 ป445ค ฉ.4 Barcode: 012069 | ►หนังสือทั่วไป | บนชั้น | |
| 5. | วิทยาศาสตร์การแพทย์ และสุขภาพ | QV55 ป445ค ฉ.5 Barcode: 012070 | ►หนังสือทั่วไป | บนชั้น | |
BibComment |
| คอมเมนท์ทรัพยากรรายการนี้ |
|
| |
Copyright 2026. Bcnsprnw @Library |
|